The Happy Fits - Shake Me Lyrics - Statistics

General Stats
  • This quiz has been taken 2 times
  • The average score is 317 of 426
Answer Stats
Answer % Correct
a
100%
about
100%
and
100%
And
100%
as
100%
her
100%
here
100%
How
100%
I
100%
I'm
100%
in
100%
it
100%
it's
100%
just
100%
love
100%
Maybe
100%
me
100%
my
100%
of
100%
Of
100%
Oh
100%
(Oh)
100%
shake
100%
she
100%
So
100%
so
100%
the
100%
to
100%
we
100%
We
100%
when
100%
you
100%
You
100%
again
50%
all
50%
am
50%
Am
50%
another
50%
around
50%
Around
50%
back
50%
Before
50%
break
50%
Break
50%
(Break
50%
But
50%
but
50%
danced
50%
did
50%
don't
50%
down
50%
dreaming
50%
drunk
50%
dull
50%
ever
50%
every
50%
Everyone
50%
everyone
50%
falling
50%
feels
50%
get
50%
Get
50%
give
50%
Go
50%
grew
50%
Hands
50%
heart
50%
heart)
50%
high
50%
hot
50%
house
50%
inside
50%
lost
50%
myself
50%
name
50%
neck
50%
night
50%
nothing
50%
now
50%
Now
50%
office
50%
old
50%
out
50%
passed
50%
Please
50%
reason
50%
respect
50%
same
50%
season
50%
self
50%
silences
50%
sit
50%
space
50%
spark
50%
Spend
50%
start
50%
starts
50%
(starts
50%
stuck
50%
Stuck
50%
talk
50%
under
50%
unlock
50%
want
50%
Want
50%
was
50%
Was
50%
Watching
50%
way
50%
wonder
50%
wonder)
50%
won't
50%
your
50%
enhanced
0%
face
0%
have
0%
part
0%
place
0%
said
0%
saw
0%
scene
0%
song
0%
sweet
0%
That
0%
thing
0%
Thought
0%
wrong
0%
No matching quizzes found
Score Distribution
Percent of People with Each Score
Percentile by Number Answered
Your Score History
You have not taken this quiz